Kluby Ekstraklasa - 2023/24 - Statystyki

Ogólne statystyki
  • Ten quiz został rozwiązany 900 razy
  • Średni wynik to 15 z 18
Statystyki odpowiedzi
Lp. Klub % Poprawnych
2 Legia Warszawa
98%
3 Lech Poznań
97%
1 Raków Częstochowa
92%
15 Śląsk Wrocław
90%
4 Pogoń Szczecin
89%
14 Jagiellonia Białystok
87%
16 ŁKS Łódź
85%
17 Ruch Chorzów
85%
7 Cracovia
83%
12 Widzew Łódź
83%
6 Górnik Zabrze
82%
18 Puszcza Niepołomice
80%
8 Warta Poznań
79%
13 Korona Kielce
77%
11 Stal Mielec
75%
10 Radomiak Radom
74%
5 Piast Gliwice
72%
9 Zagłębie Lubin
71%
Nie znaleziono quizów pasujących do podanych kryteriów
Rozkład punktacji
Procent ludzi z każdym wynikiem
Percentyl według liczby udzielonych odpowiedzi
Twoja historia wyników
Nie rozwiązałeś tego quizu